Nietzsche et Artaud. Pour une éthique de la cruauté : Pour une éthique de la cruauté (notice n° 2150170)

détails MARC
000 -LEADER
fixed length control field 01653cam a2200133 4500500
005 - DATE AND TIME OF LATEST TRANSACTION
control field 20260405030007.0
041 ## - LANGUAGE CODE
Language code of text/sound track or separate title fre
042 ## - AUTHENTICATION CODE
Authentication code dc
100 10 - MAIN ENTRY--PERSONAL NAME
Personal name Dumoulié, Camille
Relator term author
245 00 - TITLE STATEMENT
Title Nietzsche et Artaud. Pour une éthique de la cruauté : Pour une éthique de la cruauté
260 ## - PUBLICATION, DISTRIBUTION, ETC.
Name of publisher, distributor, etc. Presses Universitaires de France,<br/>
Date of publication, distribution, etc. 1992.<br/>
520 ## - SUMMARY, ETC.
Summary, etc. «C’est une vision de l’homme et du monde, une réflexion sur notre civilisation considérée comme celle de la décadence, un refus de la métaphysique et de l’ontologie traditionnelles, de la religion et de la morale, la volonté de trouver dans l’art, et dans le théâtre en particulier, le remède à nos maux, c’est enfin une pratique originale de l’écriture, qui sont entre Artaud et Nietzsche des points de convergence. La question de la cruauté est indissociable de ces formes essentielles de la répétition et de la représentation que sont le rite et le théâtre, où Artaud et Nietzsche ont d’abord cherché le secret de la vie comme cruauté. Ils y furent contraints non seulement par la nécessité historique, par le fait que nous sommes inscrits dans l’histoire de la culpabilité et de la mauvaise conscience, mais aussi parce qu’ils furent d’abord enclins à penser la cruauté comme le signe d’une nécessité métaphysique de réconciliation avec un Réel qui fut dérobé: rêve d’une harmonie retrouvée dont l’expression première fut le désir de réconciliation entre la nature et la culture.»
856 41 - ELECTRONIC LOCATION AND ACCESS
Uniform Resource Identifier <a href="https://shs.cairn.info/nietzsche-et-artaud-pour-une-ethique-de-la-cruaute--9782130443582?lang=fr&redirect-ssocas=7080">https://shs.cairn.info/nietzsche-et-artaud-pour-une-ethique-de-la-cruaute--9782130443582?lang=fr&redirect-ssocas=7080</a>

Pas d'exemplaire disponible.

PLUDOC

PLUDOC est la plateforme unique et centralisée de gestion des bibliothèques physiques et numériques de Guinée administré par le CEDUST. Elle est la plus grande base de données de ressources documentaires pour les Étudiants, Enseignants chercheurs et Chercheurs de Guinée.

Adresse

627 919 101/664 919 101

25 boulevard du commerce
Kaloum, Conakry, Guinée

Réseaux sociaux

Powered by Netsen Group @ 2025